[Event "POL-chT 2nd League"]
[Site "Jastrzebia Gora"]
[Date "2024.09.08"]
[Round "9.20"]
[White "Karut, Kacper"]
[Black "Siwiec, Arkadiusz"]
[Result "0-1"]
[WhiteElo "2048"]
[BlackElo "2199"]
[PlyCount "100"]
[EventDate "2024.08.31"]
[EventType "team-swiss"]
[EventRounds "9"]
[EventCountry "POL"]
[SourceTitle "EXT 2025"]
[Source "ChessBase"]
[SourceDate "2024.10.14"]
[SourceVersion "1"]
[SourceVersionDate "2024.10.14"]
[SourceQuality "1"]
[WhiteTeam "Grudziadz Rotmistrz"]
[BlackTeam "Kozuchow Odrodzenie"]
[WhiteTeamCountry "POL"]
[BlackTeamCountry "POL"]

1. e4 c5 2. Nf3 d6 3. d4 cxd4 4. Nxd4 Nf6 5. Nc3 Nc6 6. Be3 Ng4 7. Bb5 Nxe3 8. fxe3 Bd7 9. 0-0 e6 10. Bxc6 bxc6 11. e5 Be7 12. exd6 Bxd6 13. Nb3 Be7 14. Qh5 0-0 15. Rad1 Qe8 16. Qe5 Bc8 17. Ne4 Ba6 18. Rf2 Qb8 19. Qxb8 Raxb8 20. Rd7 Rfd8 21. Rfd2 Rxd7 22. Rxd7 Rb7 23. Rxb7 Bxb7 24. Nec5 Bc8 25. a4 Kf8 26. a5 Ke8 27. Kf2 Kd8 28. e4 Kc7 29. Ke3 Kd6 30. c3 Bg5+ 31. Kf3 Bd8 32. Nd3 e5 33. Nd2 Ba6 34. c4 Bxa5 35. b4 Bd8 36. Nc5 Bc8 37. Ndb3 a5 38. bxa5 Bxa5 39. Nd3 Bc3 40. c5+ Ke6 41. Ndc1 Ba6 42. g4 Bc4 43. Ke3 Kf6 44. Kf3 Kg5 45. h3 Bf1 46. Ne2 Bb4 47. Kf2 Bxh3 48. Nec1 Bxg4 49. Na2 Ba3 50. Nc3 Be6 0-1

[Event "POL-chT 2nd League"]
[Site "Jastrzebia Gora"]
[Date "2024.09.06"]
[Round "7.14"]
[White "Siwiec, Arkadiusz"]
[Black "Korbal, Arkadiusz"]
[Result "1-0"]
[WhiteElo "2199"]
[BlackElo "2073"]
[PlyCount "117"]
[EventDate "2024.08.31"]
[EventType "team-swiss"]
[EventRounds "9"]
[EventCountry "POL"]
[SourceTitle "EXT 2025"]
[Source "ChessBase"]
[SourceDate "2024.10.14"]
[SourceVersion "1"]
[SourceVersionDate "2024.10.14"]
[SourceQuality "1"]
[WhiteTeam "Kozuchow Odrodzenie"]
[BlackTeam "Szczecin Gryf"]
[WhiteTeamCountry "POL"]
[BlackTeamCountry "POL"]

1. Nf3 c5 2. c4 Nc6 3. d4 cxd4 4. Nxd4 g6 5. e4 Bg7 6. Nc2 Qa5+ 7. Bd2 Qc7 8. Bc3 Nf6 9. g3 Ne5 10. Nd2 d6 11. h3 0-0 12. f4 Nc6 13. Qf3 Be6 14. Be2 Na5 15. Ne3 Bd7 16. g4 e6 17. g5 Nh5 18. Bxg7 Nxg7 19. Ng4 f5 20. Nf6+ Rxf6 21. gxf6 Nh5 22. Qe3 Nxf6 23. e5 Ne8 24. h4 Ng7 25. h5 dxe5 26. fxe5 Nc6 27. Nf3 Qa5+ 28. Kf1 f4 29. Qd2 Qxd2 30. Nxd2 Nxe5 31. hxg6 hxg6 32. Rg1 Bc6 33. Kf2 Kf7 34. Nf3 Nxf3 35. Bxf3 Rc8 36. Rg4 e5 37. Rag1 Bxf3 38. Kxf3 Rc6 39. Ke4 Re6 40. b4 Ne8 41. Rg5 Nd6+ 42. Kd5 e4 43. Re5 Rf6 44. c5 Nb5 45. Kxe4 Nc3+ 46. Kf3 Nxa2 47. Re4 Nc3 48. Rc4 Nd5 49. Rd4 Rf5 50. Rc1 g5 51. b5 Ke6 52. c6 bxc6 53. bxc6 Rf8 54. Rc5 Nb6 55. c7 g4+ 56. Kxg4 f3 57. Rd8 Rf7 58. Rc6+ Ke5 59. Rxb6 1-0

[Event "POL-chT 2nd League"]
[Site "Jastrzebia Gora"]
[Date "2024.09.02"]
[Round "3.8"]
[White "Siwiec, Arkadiusz"]
[Black "Steczek, Marcin"]
[Result "0-1"]
[WhiteElo "2199"]
[BlackElo "2326"]
[PlyCount "71"]
[EventDate "2024.08.31"]
[EventType "team-swiss"]
[EventRounds "9"]
[EventCountry "POL"]
[SourceTitle "EXT 2025"]
[Source "ChessBase"]
[SourceDate "2024.10.14"]
[SourceVersion "1"]
[SourceVersionDate "2024.10.14"]
[SourceQuality "1"]
[WhiteTeam "Kozuchow Odrodzenie"]
[BlackTeam "Konin Hetman TS"]
[WhiteTeamCountry "POL"]
[BlackTeamCountry "POL"]

1. e4 c6 2. d4 d5 3. e5 Bf5 4. Nf3 e6 5. Be2 Nd7 6. 0-0 h6 7. Nbd2 Ne7 8. Nb3 a5 9. a4 Bg6 10. Bd2 Nf5 11. g4 Ne7 12. Rc1 h5 13. h3 hxg4 14. hxg4 Be4 15. Bg5 f6 16. exf6 gxf6 17. Bf4 Ng6 18. Bh2 Bxf3 19. Bxf3 Rxh2 20. Kxh2 Bd6+ 21. Kg1 Ke7 22. Re1 Qh8 23. Kf1 Nf4 24. Re3 Qh2 25. Ke1 Qg1+ 26. Kd2 Qxf2+ 27. Be2 Nb6 28. Nxa5 Rxa5 29. b3 Ng2 30. Rf3 Qxd4+ 31. Bd3 Bf4+ 32. Ke2 Bg5 33. Rb1 Nh4 34. Rg3 Qe5+ 35. Kf2 Qf4+ 36. Rf3 0-1

[Event "POL-chT 2nd League"]
[Site "Jastrzebia Gora"]
[Date "2024.09.01"]
[Round "2.26"]
[White "Nagly, Wojciech"]
[Black "Siwiec, Arkadiusz"]
[Result "1/2-1/2"]
[WhiteElo "2133"]
[BlackElo "2199"]
[PlyCount "100"]
[EventDate "2024.08.31"]
[EventType "team-swiss"]
[EventRounds "9"]
[EventCountry "POL"]
[SourceTitle "EXT 2025"]
[Source "ChessBase"]
[SourceDate "2024.10.14"]
[SourceVersion "1"]
[SourceVersionDate "2024.10.14"]
[SourceQuality "1"]
[WhiteTeam "Wroclaw Srodmiescie"]
[BlackTeam "Kozuchow Odrodzenie"]
[WhiteTeamCountry "POL"]
[BlackTeamCountry "POL"]

1. Nf3 c5 2. g3 Nc6 3. Bg2 g6 4. 0-0 Bg7 5. c4 e6 6. Nc3 Nge7 7. e3 0-0 8. a3 d5 9. cxd5 Nxd5 10. d4 cxd4 11. Nxd5 exd5 12. Nxd4 Nxd4 13. exd4 Be6 14. Be3 Qb6 15. Qd2 Rfc8 16. Rac1 h5 17. b4 Rxc1 18. Rxc1 a5 19. Rb1 Bf8 20. h4 axb4 21. axb4 Ra4 22. b5 Bg7 23. Rb4 Ra1+ 24. Kh2 Qa5 25. Qb2 Bf8 26. Rb3 Qe1 27. f4 Qa5 28. Qe2 Qd8 29. Rb2 Qd7 30. b6 Ra4 31. Qf3 Ra3 32. Qe2 Bg4 33. Qd2 Qc6 34. Bf2 Bf3 35. Bxf3 Rxf3 36. Qe2 Ra3 37. f5 Qf6 38. fxg6 fxg6 39. Qe5 Qxe5 40. dxe5 Kf7 41. Rc2 Ke6 42. Rc7 Ra2 43. Kg1 Ra1+ 44. Kg2 Ra2 45. Kf1 Ra1+ 46. Ke2 Ra2+ 47. Kf1 Ra1+ 48. Kg2 Ra2 49. Kf1 Ra1+ 50. Kg2 Kxe5 1/2-1/2

[Event "Wroclaw Anderssen Memorial op"]
[Site "Wroclaw"]
[Date "2024.08.15"]
[Round "4"]
[White "Kucza, Karol"]
[Black "Siwiec, Arkadiusz"]
[Result "1-0"]
[WhiteElo "2360"]
[BlackElo "2199"]
[PlyCount "69"]
[EventDate "2024.08.15"]
[EventType "swiss (blitz)"]
[EventRounds "9"]
[EventCountry "POL"]
[SourceTitle "CBM 221 Extra"]
[Source "ChessBase"]
[SourceDate "2024.09.30"]
[SourceVersion "1"]
[SourceVersionDate "2024.09.30"]
[SourceQuality "1"]

1. e4 c5 2. Nf3 d6 3. d4 cxd4 4. Nxd4 Nf6 5. Nc3 Nc6 6. Bg5 e6 7. Qd2 Be7 8. 0-0-0 0-0 9. f4 Nxd4 10. Qxd4 Qa5 11. Bc4 Bd7 12. Bb3 Bc6 13. Rhe1 Rfd8 14. Kb1 b5 15. a3 Qc7 16. f5 h6 17. Bh4 e5 18. Qg1 b4 19. axb4 a5 20. b5 Bb7 21. Bxf6 Bxf6 22. Bd5 Rab8 23. Rd3 Rdc8 24. Qa7 Bd8 25. Red1 Be7 26. b6 Qd7 27. Bxb7 Rxb7 28. Qxa5 Qd8 29. Nd5 Bf8 30. Rc3 Ra8 31. Qb5 Qh4 32. Rc7 Rbb8 33. Qd7 Qxe4 34. Qxf7+ Kh8 35. Nf6 1-0

[Event "Pardubice Czech op-E 34th"]
[Site "Pardubice"]
[Date "2023.07.14"]
[Round "2"]
[White "Mladek, Richard"]
[Black "Siwiec, Arkadiusz"]
[Result "1/2-1/2"]
[WhiteElo "2422"]
[BlackElo "2237"]
[PlyCount "104"]
[EventDate "2023.07.13"]
[EventType "team-swiss"]
[EventRounds "7"]
[EventCountry "CZE"]
[SourceTitle "CBM 215 Extra"]
[Source "ChessBase"]
[SourceDate "2023.09.30"]
[SourceVersion "1"]
[SourceVersionDate "2023.09.30"]
[SourceQuality "1"]
[WhiteTeam "Praha Oaza"]
[BlackTeam "Wroclaw Tigers"]
[WhiteTeamCountry "CZE"]
[BlackTeamCountry "POL"]

1. d4 d5 2. c4 e6 3. Nc3 Nf6 4. cxd5 exd5 5. Bg5 Be7 6. e3 0-0 7. Bd3 h6 8. Bh4 b6 9. Nge2 Bb7 10. f3 c5 11. 0-0 Nfd7 12. Bf2 Bh4 13. g3 Bf6 14. Nf4 cxd4 15. exd4 Nc6 16. Bb5 a6 17. Ba4 Ne7 18. Bb3 Nb8 19. Nh5 Nd7 20. Qd3 g6 21. Nxf6+ Nxf6 22. Rfe1 Kg7 23. g4 Nc6 24. Bh4 Na5 25. Qd2 Nxb3 26. axb3 Qd6 27. Bg3 Qd8 28. Bf4 Ng8 29. Na4 Bc6 30. Be5+ f6 31. Bg3 Re8 32. Qb4 Rxe1+ 33. Rxe1 Bxa4 34. bxa4 Rc8 35. Re6 Rc4 36. Qd6 Qxd6 37. Rxd6 Kf7 38. Rxd5 Rxa4 39. Rd7+ Ke8 40. Rb7 Rxd4 41. Rxb6 a5 42. Rb8+ Kf7 43. Rb7+ Ne7 44. Ra7 Ke6 45. Ra6+ Kf7 46. Be1 a4 47. Bc3 Rf4 48. Kf2 Nd5 49. Ra7+ Ke6 50. Ra6+ Kf7 51. Ra7+ Ke6 52. Ra6+ Kf7 1/2-1/2

[Event "POL-chT 2nd League"]
[Site "Jastrzebia Gora"]
[Date "2022.09.09"]
[Round "7.48"]
[White "Marczuk, Dominik"]
[Black "Siwiec, Arkadiusz"]
[Result "1/2-1/2"]
[WhiteElo "2281"]
[BlackElo "2230"]
[PlyCount "105"]
[EventDate "2022.09.03"]
[EventType "team-swiss"]
[EventRounds "9"]
[EventCountry "POL"]
[SourceTitle "CBM 210 Extra"]
[Source "ChessBase"]
[SourceDate "2022.11.30"]
[SourceVersion "1"]
[SourceVersionDate "2022.11.30"]
[SourceQuality "1"]
[WhiteTeam "Krakow KKSz"]
[BlackTeam "Bogatynia UKS SP3"]
[WhiteTeamCountry "POL"]
[BlackTeamCountry "POL"]

1. d4 d5 2. Nc3 Nf6 3. Bf4 e6 4. Nb5 Na6 5. a3 Be7 6. e3 0-0 7. Nf3 b6 8. Ne5 Bb7 9. Bd3 c5 10. Qf3 Nb8 11. Ng4 Nc6 12. Qh3 g6 13. Nxf6+ Bxf6 14. Nd6 Qe7 15. Nxb7 Qxb7 16. c3 cxd4 17. exd4 b5 18. 0-0 a5 19. Qf3 b4 20. axb4 axb4 21. Bd6 Be7 22. Bxe7 Qxe7 23. Bb5 Na7 24. Be2 Nc6 25. g3 Qb7 26. Qe3 Ne7 27. c4 dxc4 28. Bxc4 Rxa1 29. Rxa1 Rd8 30. Rd1 Qb6 31. d5 Qc7 32. Bb3 Nxd5 33. Qe4 Qc5 34. h4 h5 35. Kg2 Rd7 36. Qe5 Rd8 37. Kg1 Qc6 38. Qe4 Qb5 39. Qe5 Rd7 40. Rd4 Rd8 41. g4 hxg4 42. h5 Qb8 43. Qxb8 Rxb8 44. hxg6 fxg6 45. Bxd5 exd5 46. Rxd5 b3 47. Rd4 g3 48. fxg3 Rc8 49. Rb4 Rc1+ 50. Kf2 Rc2+ 51. Kf3 Rxb2 52. Rb7 Kf8 53. Kg4 1/2-1/2

[Event "POL-chT Academic"]
[Site "Katowice"]
[Date "2018.02.03"]
[Round "5.22"]
[White "Siwiec, Arkadiusz"]
[Black "Smal, Tobiasz"]
[Result "0-1"]
[WhiteElo "2206"]
[BlackElo "1958"]
[PlyCount "102"]
[EventDate "2018.02.03"]
[EventType "team-swiss (rapid)"]
[EventRounds "9"]
[EventCountry "POL"]
[SourceTitle "CBM 182 Extra"]
[Source "ChessBase"]
[SourceDate "2018.02.23"]
[SourceVersion "1"]
[SourceVersionDate "2018.02.23"]
[SourceQuality "1"]
[WhiteTeam "Warszawa UW"]
[BlackTeam "Poznan UE"]
[WhiteTeamCountry "POL"]
[BlackTeamCountry "POL"]

1. e4 c5 2. Nf3 d6 3. d4 cxd4 4. Nxd4 Nf6 5. Nc3 a6 6. Bg5 e6 7. f4 h6 8. Bh4 Qb6 9. a3 Nc6 10. Bf2 Qc7 11. Qf3 Bd7 12. 0-0-0 Be7 13. Bd3 g5 14. g3 Nxd4 15. Bxd4 e5 16. Be3 Bg4 17. Qf1 Bxd1 18. Qxd1 Rg8 19. Kb1 gxf4 20. gxf4 0-0-0 21. Qf3 Kb8 22. h3 h5 23. Bf2 d5 24. exd5 exf4 25. Re1 Rde8 26. Bd4 Rg3 27. Qf1 Bd8 28. Rxe8 Nxe8 29. Ne2 Rg8 30. Nxf4 h4 31. Ne2 Nd6 32. c4 f5 33. Nc3 Rf8 34. Qf4 Bf6 35. c5 Bxd4 36. Qxd4 Nb5 37. Bxb5 axb5 38. Nxb5 Qa5 39. Qf4+ Ka8 40. a4 Qe1+ 41. Ka2 Qe4 42. Qf1 Qxa4+ 43. Kb1 Qe4+ 44. Ka1 Qa4+ 45. Kb1 f4 46. d6 f3 47. d7 Qe4+ 48. Ka1 f2 49. Qxf2 Qh1+ 50. Ka2 Qd5+ 51. b3 Rxf2+ 0-1

[Event "POL-ch Academic"]
[Site "Katowice"]
[Date "2018.02.03"]
[Round "8"]
[White "Siwiec, Arkadiusz"]
[Black "Wiewiora, Eneasz"]
[Result "1-0"]
[WhiteElo "2206"]
[BlackElo "2333"]
[PlyCount "118"]
[EventDate "2018.02.02"]
[EventType "swiss (rapid)"]
[EventRounds "9"]
[EventCountry "POL"]
[SourceTitle "CBM 182 Extra"]
[Source "ChessBase"]
[SourceDate "2018.02.23"]
[SourceVersion "1"]
[SourceVersionDate "2018.02.23"]
[SourceQuality "1"]

1. e4 e5 2. Nf3 Nc6 3. Bb5 f5 4. d3 fxe4 5. dxe4 Nf6 6. Nc3 Bb4 7. 0-0 Bxc3 8. bxc3 d6 9. Nd2 0-0 10. Ba3 Ne7 11. Bd3 Ng6 12. g3 Bh3 13. Re1 Qd7 14. Nc4 Kh8 15. Bc1 Rad8 16. Ne3 Qc6 17. f3 d5 18. exd5 Nxd5 19. Nxd5 Qxd5 20. Bg5 Rxf3 21. Qe2 Qc5+ 22. Be3 Qf8 23. Be4 Rf7 24. Bxb7 Nf4 25. Qb5 Ne6 26. Qxe5 Qd6 27. Qxd6 Rxd6 28. Bg2 Bxg2 29. Kxg2 c5 30. Rad1 Rxd1 31. Rxd1 h6 32. Rd6 Re7 33. Rc6 Kh7 34. Kf3 g5 35. Bxc5 Rf7+ 36. Kg2 Ng7 37. Bd4 Nf5 38. Ra6 Kg8 39. Rxa7 Rf8 40. Ra5 Nd6 41. Rd5 Ne4 42. Rd7 Rf5 43. Rg7+ Kf8 44. Rh7 g4 45. Rxh6 Kf7 46. Rh7+ Kg6 47. Rg7+ Kh5 48. Rh7+ Kg6 49. Rh4 Kg5 50. Rh8 Rb5 51. Rg8+ Kf5 52. Rf8+ Kg5 53. Re8 Nd2 54. Re5+ Rxe5 55. Bxe5 Kf5 56. Bd4 Ke4 57. a4 Nc4 58. h3 gxh3+ 59. Kxh3 Kd5 1-0

[Event "BL2-Nord 1718"]
[Site "Germany"]
[Date "2017.10.22"]
[Round "2.8"]
[White "Kardoeus, David"]
[Black "Siwiec, Arkadiusz"]
[Result "0-1"]
[WhiteElo "2182"]
[BlackElo "2196"]
[PlyCount "86"]
[EventDate "2017.10.08"]
[EventType "team-tourn"]
[EventRounds "9"]
[EventCountry "GER"]
[SourceTitle "CBM 183 Extra"]
[Source "ChessBase"]
[SourceDate "2018.04.19"]
[SourceVersion "1"]
[SourceVersionDate "2018.04.19"]
[SourceQuality "1"]
[WhiteTeam "Werder Bremen II"]
[BlackTeam "Glueck Auf Ruedersdorf"]
[WhiteTeamCountry "GER"]
[BlackTeamCountry "GER"]

1. e4 c5 2. Nf3 d6 3. d4 cxd4 4. Nxd4 Nf6 5. Nc3 Nc6 6. Bg5 e6 7. Qd2 Be7 8. 0-0-0 0-0 9. h4 Nxd4 10. Qxd4 Qa5 11. Kb1 Rd8 12. Bd2 Qc5 13. Qxc5 dxc5 14. Be2 b6 15. g4 Bb7 16. f3 a6 17. Rhg1 b5 18. a4 b4 19. Na2 a5 20. Bf4 Bc6 21. Bb5 Rdc8 22. c4 Kf8 23. Rd2 Ne8 24. g5 f6 25. Rgd1 e5 26. Be3 Kf7 27. Nc1 Ke6 28. Nd3 Bxb5 29. axb5 a4 30. f4 Nd6 31. Nxc5+ Rxc5 32. f5+ Kf7 33. Bxc5 Nxe4 34. Bxe7 Nxd2+ 35. Rxd2 Kxe7 36. b6 Rd8 37. Rc2 Rd1+ 38. Rc1 Rxc1+ 39. Kxc1 Kd6 40. h5 h6 41. gxh6 gxh6 42. Kc2 Kc6 43. c5 e4 0-1

[Event "Poznan op 22nd"]
[Site "Poznan"]
[Date "2014.08.14"]
[Round "7"]
[White "Siwiec, Arkadiusz"]
[Black "Wittig, Zenon"]
[Result "1-0"]
[WhiteElo "2199"]
[BlackElo "1529"]
[PlyCount "71"]
[EventDate "2014.08.09"]
[EventType "swiss"]
[EventRounds "9"]
[EventCountry "POL"]
[SourceTitle "CBM 161 Extra"]
[Source "ChessBase"]
[SourceDate "2014.08.29"]
[SourceVersion "1"]
[SourceVersionDate "2014.08.29"]
[SourceQuality "1"]

1. e4 e5 2. Nf3 Nc6 3. Bb5 a6 4. Ba4 d6 5. c3 Bd7 6. 0-0 Nf6 7. Re1 Be7 8. d4 0-0 9. h3 Re8 10. Nbd2 h6 11. Nf1 Bf8 12. Ng3 g6 13. Bc2 Bg7 14. Be3 Kh7 15. Qd2 Re7 16. Rad1 Qf8 17. Nh2 Rae8 18. f4 exf4 19. Bxf4 h5 20. Nf3 Bh6 21. Rf1 Bxf4 22. Qxf4 Kg7 23. e5 dxe5 24. Nxe5 Nh7 25. Nxh5+ gxh5 26. Nxd7 Rxd7 27. Qf5 Nf6 28. Qxf6+ Kg8 29. Rf5 Ne7 30. Rg5+ Ng6 31. Bxg6 fxg6 32. Qxg6+ Rg7 33. Qxh5 Qe7 34. Rxg7+ Kxg7 35. Qe5+ Qxe5 36. dxe5 1-0

[Event "Poznan op 22nd"]
[Site "Poznan"]
[Date "2014.08.12"]
[Round "5"]
[White "Siwiec, Arkadiusz"]
[Black "Andrzejewska, Anna"]
[Result "1/2-1/2"]
[WhiteElo "2199"]
[BlackElo "1988"]
[PlyCount "62"]
[EventDate "2014.08.09"]
[EventType "swiss"]
[EventRounds "9"]
[EventCountry "POL"]
[SourceTitle "CBM 161 Extra"]
[Source "ChessBase"]
[SourceDate "2014.08.29"]
[SourceVersion "1"]
[SourceVersionDate "2014.08.29"]
[SourceQuality "1"]

1. e4 e5 2. Nf3 Nc6 3. Bb5 a6 4. Ba4 Nf6 5. d3 b5 6. Bb3 Bc5 7. 0-0 d6 8. a4 Rb8 9. h3 h6 10. axb5 axb5 11. c3 0-0 12. Re1 Re8 13. Nbd2 Be6 14. Bxe6 Rxe6 15. Nb3 Bb6 16. Be3 Bxe3 17. Rxe3 d5 18. Nc5 Rd6 19. Qc2 b4 20. Ree1 bxc3 21. Qxc3 d4 22. Qa3 Nd7 23. b4 Nxb4 24. Nxd7 Qxd7 25. Nxe5 Qb5 26. Reb1 Ra6 27. Qxa6 Qxa6 28. Rxa6 Nxa6 29. Rxb8+ Nxb8 30. f4 f6 31. Nf3 c5 1/2-1/2

[Event "Poznan op 22nd"]
[Site "Poznan"]
[Date "2014.08.10"]
[Round "3"]
[White "Siwiec, Arkadiusz"]
[Black "Tazbir, Marcin"]
[Result "0-1"]
[WhiteElo "2199"]
[BlackElo "2531"]
[PlyCount "104"]
[EventDate "2014.08.09"]
[EventType "swiss"]
[EventRounds "9"]
[EventCountry "POL"]
[SourceTitle "CBM 161 Extra"]
[Source "ChessBase"]
[SourceDate "2014.08.29"]
[SourceVersion "1"]
[SourceVersionDate "2014.08.29"]
[SourceQuality "1"]

1. e4 c5 2. Nf3 Nc6 3. d4 cxd4 4. Nxd4 Nf6 5. Nc3 d6 6. Bg5 Bd7 7. Be2 e6 8. Bxf6 gxf6 9. f4 Qb6 10. Nb3 a6 11. Qd3 h5 12. 0-0-0 0-0-0 13. Kb1 h4 14. Rhf1 Kb8 15. Bg4 Qc7 16. Qh3 Be7 17. f5 Qc8 18. Nd4 Nxd4 19. Rxd4 Qc5 20. Rfd1 Qe5 21. Ne2 Bb5 22. Ng1 d5 23. Nf3 Qc7 24. exd5 e5 25. R4d2 e4 26. Nd4 Rxd5 27. Nxb5 Rxb5 28. Be2 Rb6 29. Qe3 Bd6 30. Qxe4 Qc3 31. Qd4 Rxb2+ 32. Kc1 Be5 33. Qxc3 Bxc3 34. Rd3 Be5 35. Rd8+ Rxd8 36. Rxd8+ Kc7 37. Rh8 Rb4 38. c4 Rb2 39. Bf3 Rxa2 40. Rxh4 b6 41. Rh7 Kd6 42. Rxf7 Kc5 43. Rd7 Bxh2 44. g4 Rf2 45. Bd5 Bf4+ 46. Kb1 Kb4 47. Rb7 Be3 48. Rf7 Ka3 49. Be4 Rb2+ 50. Ka1 Bd4 51. Rd7 Bc3 52. Rd3 Rb3+ 0-1

[Event "Oberliga Nord O 1314"]
[Site "Germany"]
[Date "2014.03.16"]
[Round "8.8"]
[White "Siwiec, Arkadiusz"]
[Black "Lagunow, Raphael"]
[Result "1-0"]
[WhiteElo "2188"]
[BlackElo "1969"]
[PlyCount "51"]
[EventDate "2013.10.13"]
[EventType "team-tourn"]
[EventRounds "9"]
[EventCountry "GER"]
[SourceTitle "EXT 2015"]
[Source "ChessBase"]
[SourceDate "2014.11.20"]
[SourceVersion "1"]
[SourceVersionDate "2014.11.20"]
[SourceQuality "1"]
[WhiteTeam "Ruedersdorf"]
[BlackTeam "Steglitz Wilmersdorf"]
[WhiteTeamCountry "GER"]
[BlackTeamCountry "GER"]

1. e4 c5 2. Nf3 Nc6 3. d4 cxd4 4. Nxd4 g6 5. Nc3 Bg7 6. Nde2 Nf6 7. g3 0-0 8. Bg2 d6 9. 0-0 Bd7 10. h3 a6 11. Be3 Rc8 12. Nd5 Nxd5 13. exd5 Ne5 14. Bd4 Bb5 15. Re1 Bxe2 16. Rxe2 Re8 17. c3 b5 18. Re4 Nd7 19. Bxg7 Kxg7 20. Rb4 Nc5 21. Qd2 Qd7 22. Re1 Qf5 23. Rf4 Qd3 24. Qc1 g5 25. Rfe4 h6 26. R1e3 1-0